Národohospodárske plánovanie aplikácia ekonomicko-matematických modelov v NH plánovaní

Saved in:
Bibliographic Details
Main Author: Mokrý, Vladimír
Corporate Author: Vysoká škola ekonomická v Bratislave. Národohospodárska fakulta
Other Authors: Chajdiak, Jozef
Format: Book
Language:Slovak
Published: Bratislava Vysoká škola ekonomická 1983
Tags: Add Tag
No Tags, Be the first to tag this record!

MARC

LEADER 00000nam a2200000 4500
001 c132531
005 20230116104650.7
041 0 |a slo 
044 |a SK 
245 1 0 |a Národohospodárske plánovanie  |b aplikácia ekonomicko-matematických modelov v NH plánovaní  |c Vladimír Mokrý, Jozef Chajdiak 
264 1 |a Bratislava  |b Vysoká škola ekonomická  |c 1983 
300 |a 150 s. 
100 1 |a Mokrý, Vladimír 
700 1 |a Chajdiak, Jozef 
710 2 |a Vysoká škola ekonomická v Bratislave. Národohospodárska fakulta